Southville International School and Colleges
Your cart is empty.
  • Cart
  • Lists
    Public lists Eva Luna New books Lux_list list_1
    Your lists Log in to create your own lists
  • Log in to your account
  • Your cookies
  • Search history
Southville International School and Colleges
  • Advanced search
  • Recent comments
  • Most popular
  • Libraries

Log in to your account

Log in with GOOGLE


If you do not have an external account, but do have a local account, you can still log in:

  1. Home
  2. MARC view: Wong's nursing care of infants and children /
Normal view MARC view ISBD view

Wong's nursing care of infants and children / (Record no. 283831)

[ view plain ]
MARC details
000 -LEADER
fixed length control field 00856nam a2200277 a 4500
001 - CONTROL NUMBER
control field MEB023260
003 - CONTROL NUMBER IDENTIFIER
control field PILC
005 - DATE AND TIME OF LATEST TRANSACTION
control field 20150505113531.0
008 - FIXED-LENGTH DATA ELEMENTS--GENERAL INFORMATION
fixed length control field
020 ## - INTERNATIONAL STANDARD BOOK NUMBER
International Standard Book Number 9789812721013
020 ## - INTERNATIONAL STANDARD BOOK NUMBER
International Standard Book Number 9812721010
040 ## - CATALOGING SOURCE
Original cataloging agency UKM
Transcribing agency UKM
Modifying agency BAKER
-- EEM
049 ## - LOCAL HOLDINGS (OCLC)
Holding library EEMR
-- QEMI
050 ## - LIBRARY OF CONGRESS CALL NUMBER
Classification number RJ 245
Item number .W872 2007
100 1# - MAIN ENTRY--PERSONAL NAME
Personal name Hockenberry, Marilyn J.
245 10 - TITLE STATEMENT
Title Wong's nursing care of infants and children /
Statement of responsibility, etc Marilyn J. Hockenberry, David Wilson.
246 3# - VARYING FORM OF TITLE
Title proper/short title Nursing care of infants and children.
250 ## - EDITION STATEMENT
Edition statement 8th ed.
260 ## - PUBLICATION, DISTRIBUTION, ETC. (IMPRINT)
Place of publication, distribution, etc Edinburgh :
Name of publisher, distributor, etc Elsevier Mosby,
Date of publication, distribution, etc 2007.
300 ## - PHYSICAL DESCRIPTION
Extent xxxii, 1960 pages :
Other physical details illustrations ;
Dimensions 26 cm.
500 ## - GENERAL NOTE
General note Includes appendix and index.
650 #0 - SUBJECT ADDED ENTRY--TOPICAL TERM
Topical term or geographic name as entry element Pediatric nursing.
700 1# - ADDED ENTRY--PERSONAL NAME
Personal name Wilson, David,
Dates associated with a name 1950 Aug. 25-
700 1# - ADDED ENTRY--PERSONAL NAME
Personal name Wong, Donna L.,
Dates associated with a name 1948-
942 ## - ADDED ENTRY ELEMENTS (KOHA)
Source of classification or shelving scheme Library of Congress Classification
Koha item type Books
Holdings
Withdrawn status Lost status Source of classification or shelving scheme Materials specified (bound volume or other part) Damaged status Home library Current library Shelving location Date acquired Source of acquisition Total Checkouts Full call number Barcode Date last seen Price effective from Koha item type
    Library of Congress Classification vol.2   Southville International School Affiliated with Foreign Universities Library Southville International School Affiliated with Foreign Universities Library Southville Foreign University Section 05/05/2015 Library Fund   RJ 245 .W872 2007 vol.2 SFU1859 05/15/2018 05/05/2015 Books

Wong's nursing care of infants and children /

APA

Hockenberry M. J., Wilson D. & Wong D. L. (2007). Wong's nursing care of infants and children. Edinburgh: Elsevier Mosby.

Chicago

Hockenberry Marilyn J, Wilson David and Wong Donna L. 2007. Wong's nursing care of infants and children. Edinburgh: Elsevier Mosby.

Harvard

Hockenberry M. J., Wilson D. and Wong D. L. (2007). Wong's nursing care of infants and children. Edinburgh: Elsevier Mosby.

MLA

Hockenberry Marilyn J, Wilson David and Wong Donna L. Wong's nursing care of infants and children. Edinburgh: Elsevier Mosby. 2007.

  • Place hold
  • Print
  • Cite
  • Add to your cart (remove)
  • Save record
    BIBTEX Dublin Core MARCXML MARC (non-Unicode/MARC-8) MARC (Unicode/UTF-8) MARC (Unicode/UTF-8, Standard) MODS (XML) RIS
  • More searches
    Search for this title in:
    Other Libraries (WorldCat) Other Databases (Google Scholar) Online Stores (Bookfinder.com) Open Library (openlibrary.org)

Exporting to Dublin Core...

SOUTHVILLE LIBRARY

Southville International School and Colleges Library

1281 Tropical Ave. Cor. Luxembourg St., BF Homes International, Las Pinas City

Tel. No. 8256374 / 252358 Loc. 117/146

Powered by Koha